[Event "C.to Provinciale BG"]
[Site "Bergamo ITA"]
[Date "2002.10.04"]
[Round "1"]
[White "Sala, Giovanni"]
[Black "Canova, Luca"]
[Result "0-1"]
[WhiteElo "1600"]
[BlackElo "1785"]
[PlyCount "78"]
[EventDate "2002.10.04"]

1. e4 e5 2. Nf3 Nc6 3. Bc4 Bc5 4. c3 Nf6 5. d4 exd4 6. e5 d5 7. Bb5 Ne4 8. cxd4
Be7 9. Nc3 O-O 10. O-O Bf5 11. Be3 Nb4 12. Qb3 Nd2 13. Qd1 Nxf1 14. Bxf1 Nc2
15. Rc1 Nxe3 16. fxe3 c6 17. Qb3 Qd7 18. a4 a5 19. Nd2 Bb4 20. Qd1 f6 21. Nf3
Bg4 22. Be2 Bxf3 23. gxf3 Rae8 24. f4 fxe5 25. dxe5 Qh3 26. Qd4 Re6 27. Bd3 Rh6
28. Rc2 b6 29. Bf1 Qf5 30. Rg2 Bc5 31. Nxd5 cxd5 32. Qxd5+ Kh8 33. Kh1 Bxe3 34.
Qf3 Qxf4 35. Qxf4 Bxf4 36. Rf2 Rxh2+ 37. Rxh2 Bxh2 38. Kg2 Bxe5 39. b3 Rf5 0-1

[Event "C.to Provinciale BG"]
[Site "Bergamo ITA"]
[Date "2002.10.04"]
[Round "1"]
[White "Savoldelli, Dario"]
[Black "Molteni, Costantino"]
[Result "1/2-1/2"]
[WhiteElo "1800"]
[BlackElo "1603"]
[PlyCount "70"]
[EventDate "2002.10.04"]

1. d4 c5 2. Nf3 Nf6 3. g3 e6 4. Bg2 Nc6 5. O-O d5 6. c3 cxd4 7. cxd4 Bd6 8. Nc3
O-O 9. Bf4 Bxf4 10. gxf4 Qc7 11. e3 Ne4 12. Nxe4 dxe4 13. Ne5 f6 14. Nxc6 Qxc6
15. Rc1 Qd5 16. b3 b6 17. Re1 Ba6 18. Bf1 Bxf1 19. Rxf1 Rac8 20. Qd2 Qd7 21.
Rxc8 Rxc8 22. Rc1 Rc7 23. Kg2 Qc8 24. Rxc7 Qxc7 25. f3 exf3+ 26. Kxf3 Qc6+ 27.
Kg3 f5 28. Qb4 Qc1 29. Kf3 Qf1+ 30. Kg3 Qg1+ 31. Kf3 Qxh2 32. Qe7 Qh5+ 33. Kf2
Qf7 34. Qd8+ Qf8 35. Qd7 Qf7 1/2-1/2

[Event "C.to Provinciale BG"]
[Site "Bergamo ITA"]
[Date "2002.10.04"]
[Round "1"]
[White "Tentori, Giulio"]
[Black "Mazzotti, Federico"]
[Result "1-0"]
[WhiteElo "1570"]
[BlackElo "1752"]
[PlyCount "65"]
[EventDate "2002.10.04"]

1. e4 c5 2. Nc3 Nc6 3. f4 d6 4. Bc4 Nf6 5. Nf3 e6 6. O-O a6 7. a4 Be7 8. d4
cxd4 9. Nxd4 Qb6 10. Be3 Qb4 11. Nxc6 bxc6 12. Bd3 e5 13. h3 O-O 14. Qd2 Bd8
15. fxe5 dxe5 16. Kh2 Qe7 17. Rf3 Nh5 18. Ne2 f5 19. exf5 e4 20. Bc4+ Kh8 21.
Rf2 Bc7+ 22. Kg1 Ng3 23. Nd4 Nxf5 24. Nxc6 Qh4 25. Raf1 Bd7 26. Qxd7 Qg3 27.
Bf4 Bxf4 28. Rxf4 Qe3+ 29. R1f2 Ng3 30. Rxf8+ Rxf8 31. Qd2 Qc5 32. Ne5 Rc8 33.
Nf7+ 1-0

[Event "C.to Provinciale BG"]
[Site "Bergamo ITA"]
[Date "2002.10.04"]
[Round "1"]
[White "Testa, Luigi"]
[Black "Scarpellini, Felice"]
[Result "0-1"]
[WhiteElo "1500"]
[BlackElo "1660"]
[PlyCount "102"]
[EventDate "2002.10.04"]

1. c4 Nf6 2. Nc3 e6 3. e4 d5 4. e5 d4 5. exf6 dxc3 6. fxg7 cxd2+ 7. Qxd2 Qxd2+
8. Bxd2 Bxg7 9. Rb1 Bd7 10. Nf3 Bc6 11. Be2 Be4 12. O-O Bxb1 13. Rxb1 Nc6 14.
b4 Nd4 15. Nxd4 Bxd4 16. Bf3 Rd8 17. Bg5 f6 18. Bh4 b6 19. Bc6+ Kf7 20. Bg3 Be5
21. f4 Bd4+ 22. Kf1 h5 23. f5 e5 24. Bd5+ Ke7 25. b5 Rxd5 26. cxd5 Kd6 27. Bh4
e4 28. Rc1 Rh7 29. Rc6+ Kxd5 30. Bxf6 Bxf6 31. Rxf6 Kc5 32. Re6 Rf7 33. Rxe4
Rxf5+ 34. Ke2 Kxb5 35. a4+ Kc5 36. g4 hxg4 37. Rxg4 a6 38. h4 Kd5 39. Kd3 b5
40. axb5 axb5 41. Rd4+ Kc5 42. Rg4 Kd5 43. Rd4+ Ke5 44. Re4+ Kf6 45. Kd4 c5+
46. Ke3 Re5 47. Rxe5 Kxe5 48. h5 Kf5 49. h6 Kg6 50. Ke4 b4 51. Kd5 Kxh6 0-1

[Event "C.to Provinciale BG"]
[Site "Bergamo ITA"]
[Date "2002.10.11"]
[Round "2"]
[White "Asperti, Fabio"]
[Black "Testa, Luigi"]
[Result "1-0"]
[WhiteElo "1582"]
[BlackElo "1500"]
[PlyCount "91"]
[EventDate "2002.10.04"]

1. c4 e5 2. e4 Nf6 3. Nc3 Nc6 4. g3 Bc5 5. Bg2 a6 6. Nge2 d6 7. O-O O-O 8. d3
Be6 9. h3 Qd7 10. Kh2 Nd4 11. f4 Qd8 12. fxe5 dxe5 13. Bg5 Be7 14. Qd2 c5 15.
Be3 b6 16. Nd5 Bxd5 17. exd5 Qd6 18. Nc3 Rab8 19. Bg5 b5 20. Bxf6 Bxf6 21. Ne4
Qd8 22. Rxf6 gxf6 23. Qh6 Rb6 24. d6 Rxd6 25. Nxd6 Qxd6 26. Be4 Nf3+ 27. Bxf3
Qxd3 28. Qxf6 Qd2+ 29. Bg2 e4 30. h4 e3 31. h5 e2 32. h6 Qd4 33. Qg7+ Qxg7 34.
hxg7 Kxg7 35. Re1 Re8 36. cxb5 axb5 37. Bc6 Re5 38. Bxb5 h6 39. Rxe2 Rd5 40. a4
Kf8 41. Bc4 Rd7 42. a5 Rc7 43. a6 Kg7 44. Bd5 Ra7 45. Bb7 Kf6 46. Re8 1-0

[Event "C.to Provinciale BG"]
[Site "Bergamo ITA"]
[Date "2002.10.11"]
[Round "2"]
[White "Cammarota, Vittorio"]
[Black "Bassis, Ivano"]
[Result "1-0"]
[WhiteElo "1687"]
[BlackElo "1768"]
[PlyCount "55"]
[EventDate "2002.10.04"]

1. d4 Nf6 2. Nf3 g6 3. c4 c5 4. Nc3 Bg7 5. e4 cxd4 6. Nxd4 Nc6 7. Be3 O-O 8.
Be2 d6 9. O-O Bd7 10. f3 Rc8 11. Qd2 Ne5 12. b3 a6 13. Rfd1 Qc7 14. Rac1 b6 15.
h3 Nc6 16. f4 Qb7 17. Bf3 Nxd4 18. Bxd4 Bc6 19. Nd5 Bxd5 20. exd5 Qc7 21. g4
Nd7 22. Bf2 Qb8 23. Qe3 b5 24. Qxe7 Nc5 25. Bxc5 dxc5 26. d6 Rfe8 27. Qb7 Re3
28. d7 1-0

[Event "C.to Provinciale BG"]
[Site "Bergamo ITA"]
[Date "2002.10.11"]
[Round "2"]
[White "Canova, Luca"]
[Black "Mora, Lorenzo"]
[Result "0-1"]
[WhiteElo "1785"]
[BlackElo "1636"]
[PlyCount "94"]
[EventDate "2002.10.04"]

1. e4 e5 2. Nf3 Nc6 3. Bb5 d6 4. c3 Nf6 5. d3 Bg4 6. h3 Bh5 7. Bg5 Be7 8. Nbd2
O-O 9. O-O d5 10. Qa4 dxe4 11. dxe4 h6 12. Bxf6 gxf6 13. Bxc6 bxc6 14. Qxc6 Rb8
15. g4 Bg6 16. Nc4 Qd3 17. Ncd2 Rxb2 18. Qxc7 Bd8 19. Qc6 Rxd2 20. Nxd2 Qxd2
21. Kg2 Qc2 22. Rae1 Kg7 23. Qc4 Qd2 24. Re2 Qd7 25. Re3 Bb6 26. Rg3 Rc8 27.
Qe2 Qc6 28. Re1 Qc4 29. Qf3 Qxa2 30. h4 Qe6 31. g5 h5 32. gxf6+ Qxf6 33. Qxf6+
Kxf6 34. Rf3+ Ke7 35. Rd3 Ba5 36. Ree3 Rb8 37. Rd5 Bxc3 38. f3 Bd4 39. Re2 f6
40. f4 Rb2 41. Rxb2 Bxe4+ 42. Kf1 Bxd5 43. Rb8 e4 44. Rh8 Bc4+ 45. Ke1 e3 46.
Rh7+ Ke6 47. Rxh5 Bc3+ 0-1

[Event "C.to Provinciale BG"]
[Site "Bergamo ITA"]
[Date "2002.10.11"]
[Round "2"]
[White "D'Angheo, Savino"]
[Black "Biava, Pierluigi"]
[Result "0-1"]
[WhiteElo "1500"]
[BlackElo "1606"]
[PlyCount "58"]
[EventDate "2002.10.04"]

1. d4 Nf6 2. c4 c5 3. dxc5 Qa5+ 4. Nc3 Qxc5 5. e3 d6 6. Nf3 g6 7. a3 a6 8. b4
Qc7 9. Qc2 Bg7 10. Bd3 O-O 11. O-O Be6 12. Ne2 Rc8 13. Nd2 b5 14. Ra2 bxc4 15.
Be4 Nxe4 16. Nxe4 c3 17. Ra1 Bc4 18. Re1 Bxe2 19. Rxe2 Nd7 20. f4 d5 21. Nf2
Nf6 22. Rb1 Rab8 23. a4 Qc4 24. Ba3 e6 25. e4 d4 26. e5 Nd5 27. Nd3 Bf8 28. Nc5
Bxc5 29. bxc5 d3 0-1

[Event "C.to Provinciale BG"]
[Site "Bergamo ITA"]
[Date "2002.10.11"]
[Round "2"]
[White "Gazzetta, Marco"]
[Black "Mora, Aldo"]
[Result "1-0"]
[WhiteElo "1540"]
[BlackElo "1398"]
[PlyCount "61"]
[EventDate "2002.10.04"]

1. e4 e5 2. Nf3 Nc6 3. d4 exd4 4. c3 dxc3 5. Nxc3 h6 6. Bc4 a6 7. Qb3 Qe7 8.
Bd5 Nf6 9. O-O Nxd5 10. Nxd5 Qd8 11. Bf4 Bd6 12. Bxd6 cxd6 13. Rfe1 O-O 14. Qa3
Ne5 15. Qxd6 Nxf3+ 16. gxf3 Ra7 17. Rac1 b5 18. Ne7+ Kh7 19. Rxc8 Qa5 20. Rxf8
Qxe1+ 21. Kg2 Qc1 22. Rxf7 Qg5+ 23. Qg3 Qxg3+ 24. fxg3 d6 25. Kh3 Rc7 26. b4
Rb7 27. f4 Rc7 28. f5 Kh8 29. Ng6+ Kg8 30. Rxc7 Kh7 31. Rc8 1-0

[Event "C.to Provinciale BG"]
[Site "Bergamo ITA"]
[Date "2002.10.11"]
[Round "2"]
[White "Gozzini, Giambattista"]
[Black "Riggio, Mauro"]
[Result "0-1"]
[WhiteElo "1609"]
[BlackElo "1717"]
[PlyCount "48"]
[EventDate "2002.10.04"]

1. e4 e5 2. Nf3 Nc6 3. Bb5 a6 4. Bxc6 dxc6 5. O-O Bg4 6. h3 h5 7. d3 Bd6 8. Be3
Qe7 9. hxg4 hxg4 10. Ng5 Nh6 11. Nxf7 Qxf7 12. Bxh6 Qh5 13. Re1 Rxh6 14. Kf1
Qh1+ 15. Ke2 Qxg2 16. Rg1 Qf3+ 17. Ke1 Rh1 18. Rxh1 Qxh1+ 19. Kd2 Qg2 20. Nc3
Qxf2+ 21. Qe2 Qf4+ 22. Qe3 Bb4 23. Rg1 Qxe3+ 24. Kxe3 Bc5+ 0-1

[Event "C.to Provinciale BG"]
[Site "Bergamo ITA"]
[Date "2002.10.11"]
[Round "2"]
[White "Gualdi, Paolo"]
[Black "Sala, Giovanni"]
[Result "0-1"]
[WhiteElo "1413"]
[BlackElo "1600"]
[PlyCount "46"]
[EventDate "2002.10.04"]

1. e4 c5 2. c3 d5 3. exd5 Qxd5 4. Nf3 Nf6 5. d3 Nc6 6. Nbd2 e5 7. Be2 Be7 8.
Ng5 Qxg2 9. Bf3 Qxg5 10. Ne4 Qf5 11. Rg1 g6 12. Bg5 Nxe4 13. dxe4 Qd7 14. Qe2
Bxg5 15. Rxg5 Qe7 16. Rg3 Be6 17. b3 O-O-O 18. Rd1 Rxd1+ 19. Qxd1 Rd8 20. Qc2
Kb8 21. Be2 f5 22. exf5 Bxf5 23. Bd3 e4 0-1

[Event "C.to Provinciale BG"]
[Site "Bergamo ITA"]
[Date "2002.10.11"]
[Round "2"]
[White "Impellizzeri, Francesco"]
[Black "Mangili, Riccardo"]
[Result "1-0"]
[WhiteElo "1501"]
[BlackElo "1536"]
[PlyCount "45"]
[EventDate "2002.10.04"]

1. c4 Nf6 2. g3 c5 3. Bg2 Nc6 4. Nf3 e6 5. O-O Be7 6. d4 cxd4 7. Nxd4 O-O 8.
Nc3 a6 9. e4 Ne5 10. b3 Qa5 11. Bb2 Qb6 12. Na4 Qa7 13. Nxe6 fxe6 14. Bxe5 b5
15. Bd4 Qb8 16. Nb6 Ra7 17. e5 Rc7 18. exf6 gxf6 19. Na8 Bb7 20. Nxc7 Bxg2 21.
Kxg2 Qxc7 22. cxb5 axb5 23. Rc1 1-0

[Event "C.to Provinciale BG"]
[Site "Bergamo ITA"]
[Date "2002.10.11"]
[Round "2"]
[White "Mazzotti, Federico"]
[Black "Savoldelli, Dario"]
[Result "1/2-1/2"]
[WhiteElo "1752"]
[BlackElo "1800"]
[PlyCount "75"]
[EventDate "2002.10.04"]

1. e4 c6 2. Nc3 d5 3. Nf3 Bg4 4. h3 Bxf3 5. Qxf3 e6 6. exd5 cxd5 7. Bb5+ Nc6 8.
O-O Nf6 9. d4 a6 10. Ba4 b5 11. Nxb5 axb5 12. Bxb5 Qb6 13. a4 Be7 14. c4 O-O
15. c5 Qb7 16. Bxc6 Qxc6 17. b4 Rxa4 18. Rxa4 Qxa4 19. Qa3 Ra8 20. Qxa4 Rxa4
21. b5 Nd7 22. c6 Nb6 23. Bf4 g5 24. Bc7 Nc8 25. b6 Nxb6 26. Bxb6 Rc4 27. c7
Bd6 28. g3 Bxc7 29. Bxc7 Rxc7 30. Kg2 Rc2 31. Kf3 Kg7 32. h4 gxh4 33. gxh4 Rc3+
34. Ke2 Rh3 35. Rg1+ Kf6 36. Rg4 h5 37. Rf4+ Kg6 38. Kf1 1/2-1/2

[Event "C.to Provinciale BG"]
[Site "Bergamo ITA"]
[Date "2002.10.11"]
[Round "2"]
[White "Scarpellini, Felice"]
[Black "Rota, Simone"]
[Result "0-1"]
[WhiteElo "1660"]
[BlackElo "1737"]
[PlyCount "100"]
[EventDate "2002.10.04"]

1. c4 e6 2. Nc3 d5 3. cxd5 exd5 4. d4 c6 5. Nf3 Bd6 6. g3 Nf6 7. Bg2 O-O 8. O-O
h6 9. a3 Nbd7 10. b4 a6 11. Qb3 Nb6 12. Nd2 Be6 13. Bb2 Ne4 14. Ncxe4 dxe4 15.
Qc2 f5 16. e3 Qg5 17. Rad1 Rae8 18. f3 exf3 19. Nxf3 Qg4 20. Ne5 Bxe5 21. dxe5
Qc4 22. Qf2 Qb3 23. Bd4 Nc4 24. Bf3 Rd8 25. Bc5 Rf7 26. Bh5 Rfd7 27. Bg6 Nd2
28. e4 Nxf1 29. Rxf1 Rd1 30. Bd6 Rxf1+ 31. Qxf1 Qe3+ 32. Qf2 Qxf2+ 33. Kxf2
fxe4 34. Bxe4 Kf7 35. Ke3 g6 36. Kd4 Bf5 37. Bf3 Ke6 38. Kc5 Kd7 39. Be2 Be6
40. Kb6 Kc8 41. a4 h5 42. Bd3 Rg8 43. Be4 Rg7 44. b5 cxb5 45. axb5 axb5 46.
Kxb5 g5 47. Bf8 Rf7 48. Bh6 Rf2 49. Bxg5 Re2 50. Bxb7+ Kxb7 0-1

[Event "C.to Provinciale BG"]
[Site "Bergamo ITA"]
[Date "2002.10.11"]
[Round "2"]
[White "Spreafico, Fabrizio"]
[Black "Fiorona, Gianpietro"]
[Result "0-1"]
[WhiteElo "1744"]
[BlackElo "1585"]
[PlyCount "110"]
[EventDate "2002.10.04"]

1. d4 Nf6 2. Bg5 Ne4 3. Bf4 d5 4. f3 Nf6 5. e4 dxe4 6. Nc3 exf3 7. Nxf3 Bg4 8.
Bc4 e6 9. O-O Bd6 10. Qd2 O-O 11. Ne5 Bh5 12. h3 c6 13. Qf2 Qc7 14. Qg3 Nd5 15.
Ne4 Nxf4 16. Qxf4 Bxe5 17. dxe5 Nd7 18. Nd6 Bg6 19. c3 Nb6 20. Be2 Nd5 21. Qd4
c5 22. Qd2 Ne7 23. Bf3 Rab8 24. Rad1 Nf5 25. g4 Nh4 26. Bh1 h6 27. Qf2 Qe7 28.
Qxc5 Qg5 29. Qd4 b6 30. Kh2 Rbd8 31. Qf4 Qe7 32. b4 Bc2 33. Rd2 Ng6 34. Qg3 Ba4
35. c4 Qg5 36. Re2 Ne7 37. Ne4 Qg6 38. Qh4 Nc6 39. g5 Nd4 40. Ref2 Nf5 41. Qg4
Ne3 42. Qh4 Nxf1+ 43. Rxf1 Bc2 44. gxh6 Bxe4 45. Bxe4 Qxh6 46. Qxh6 gxh6 47.
Rg1+ Kh8 48. Rf1 Rd2+ 49. Kg3 Rg8+ 50. Kh4 Rd4 51. Rf3 Rg5 52. c5 bxc5 53. bxc5
Rxe5 54. Rxf7 Rdxe4+ 55. Kg3 Rxc5 0-1

[Event "C.to Provinciale BG"]
[Site "Bergamo ITA"]
[Date "2002.10.11"]
[Round "2"]
[White "Stefanelli, Alfredo"]
[Black "Molteni, Costantino"]
[Result "1-0"]
[WhiteElo "1756"]
[BlackElo "1603"]
[PlyCount "118"]
[EventDate "2002.10.04"]

1. d4 Nf6 2. c4 c5 3. d5 e5 4. Nc3 d6 5. e4 Be7 6. f3 Nfd7 7. Nge2 a6 8. Be3
Bg5 9. Bf2 Nb6 10. Qb3 Bd7 11. Ng3 Bh4 12. a4 Qc7 13. Bd3 a5 14. O-O Na6 15.
Be1 Nb4 16. Be2 O-O 17. Bd2 Rae8 18. f4 exf4 19. Bxf4 Bf6 20. Qd1 Bd4+ 21. Kh1
Nc8 22. Rb1 Ne7 23. Bh5 Ng6 24. Bxg6 hxg6 25. Qd2 Be5 26. Bg5 Qc8 27. b3 Na6
28. Nce2 Nc7 29. Qxa5 Bg4 30. Qd2 f6 31. Bf4 Kf7 32. Ng1 Rh8 33. Nf3 Bxf3 34.
Rxf3 Qg4 35. Bxe5 Rxe5 36. Qf4 Qxf4 37. Rxf4 Rg5 38. Rf3 Na6 39. Ne2 Re8 40.
Nc3 Rge5 41. Re1 Ke7 42. Nb5 Kd7 43. Rfe3 f5 44. Nc3 Nb4 45. R1e2 f4 46. Rh3
Na6 47. Rh7 R8e7 48. Rh8 g5 49. Rg8 g4 50. Kg1 g5 51. Rg6 Nc7 52. Nb5 Nxb5 53.
axb5 b6 54. Kf2 Rxe4 55. Rxe4 Rxe4 56. Rxg5 Rd4 57. Rxg4 Rd2+ 58. Kf3 Rd3+ 59.
Kxf4 Rxb3 1-0

[Event "C.to Provinciale BG"]
[Site "Bergamo ITA"]
[Date "2002.10.18"]
[Round "3"]
[White "Bassis, Ivano"]
[Black "Asperti, Fabio"]
[Result "1/2-1/2"]
[WhiteElo "1768"]
[BlackElo "1582"]
[PlyCount "74"]
[EventDate "2002.10.04"]

1. e4 g6 2. d4 d6 3. Nc3 Bg7 4. Nf3 Nf6 5. Be2 O-O 6. O-O Nc6 7. Be3 e5 8. dxe5
dxe5 9. Qxd8 Rxd8 10. Bg5 Be6 11. a3 h6 12. Bh4 g5 13. Bg3 Nh5 14. Bxe5 Nxe5
15. Nxe5 Bxe5 16. Bxh5 Bxc3 17. bxc3 Rd2 18. Rac1 Rad8 19. Rfe1 Bc4 20. Rcd1
Kg7 21. e5 Rxd1 22. Rxd1 Rxd1+ 23. Bxd1 Kg6 24. Bf3 Kf5 25. Bxb7 Kxe5 26. f3
Kd6 27. Kf2 Kc5 28. Ke3 Kb5 29. Kd4 f6 30. a4+ Kb6 31. Kxc4 Kxb7 32. Kb5 f5 33.
c4 c6+ 34. Kc5 Kc7 35. a5 Kd7 36. g4 f4 37. Kd4 Kd6 1/2-1/2

[Event "C.to Provinciale BG"]
[Site "Bergamo ITA"]
[Date "2002.10.18"]
[Round "3"]
[White "Elitropi, Giorgio"]
[Black "Canova, Luca"]
[Result "1-0"]
[WhiteElo "1671"]
[BlackElo "1785"]
[PlyCount "61"]
[EventDate "2002.10.04"]

1. f4 Nf6 2. Nf3 c5 3. e3 g6 4. Be2 Bg7 5. O-O d6 6. d3 Nc6 7. a4 O-O 8. Na3 a6
9. c3 h6 10. Bd2 Be6 11. Qc2 Rc8 12. e4 Nd7 13. h3 f5 14. Nh4 Kh7 15. exf5 gxf5
16. Rae1 Bf6 17. Nf3 Qe8 18. Bd1 Qf7 19. Bc1 Rg8 20. Qe2 Bd5 21. Nc4 Rg3 22.
Kh1 Rcg8 23. Ne3 Be6 24. Rg1 Nf8 25. Nf1 R3g7 26. Be3 b5 27. Qf2 b4 28. d4 c4
29. Bc2 Qh5 30. Bd1 Bd5 31. Ng5+ 1-0

[Event "C.to Provinciale BG"]
[Site "Bergamo ITA"]
[Date "2002.10.18"]
[Round "3"]
[White "Elsido, Massimo"]
[Black "Spreafico, Fabrizio"]
[Result "0-1"]
[WhiteElo "1585"]
[BlackElo "1744"]
[PlyCount "32"]
[EventDate "2002.10.04"]

1. e4 d5 2. exd5 Nf6 3. c4 c6 4. dxc6 Nxc6 5. Nf3 e5 6. Nc3 e4 7. Qe2 Qe7 8.
Ng1 Bg4 9. f3 Nd4 10. Qd1 exf3+ 11. Kf2 fxg2 12. Be2 gxh1=Q 13. Bxg4 Qxh2+ 14.
Kf1 Nxg4 15. Qxg4 Qf6+ 16. Ke1 Qff2+ 0-1

[Event "C.to Provinciale BG"]
[Site "Bergamo ITA"]
[Date "2002.10.18"]
[Round "3"]
[White "Impellizzeri, Francesco"]
[Black "Gazzetta, Marco"]
[Result "0-1"]
[WhiteElo "1501"]
[BlackElo "1540"]
[PlyCount "46"]
[EventDate "2002.10.04"]

1. c4 e5 2. Nc3 d6 3. g3 Bd7 4. Bg2 Bc6 5. e4 f5 6. d3 Nf6 7. Nge2 fxe4 8. dxe4
Nbd7 9. O-O Be7 10. b4 b6 11. f4 exf4 12. Nd4 Bb7 13. Ne6 Qc8 14. gxf4 Rg8 15.
Qe2 Nf8 16. Ng5 a6 17. Nf3 Qg4 18. Nd5 Nxd5 19. exd5 Ng6 20. Re1 O-O-O 21. h3
Qg3 22. Nd4 Nh4 23. Rb1 Nxg2 0-1

[Event "C.to Provinciale BG"]
[Site "Bergamo ITA"]
[Date "2002.10.18"]
[Round "3"]
[White "Mangili, Riccardo"]
[Black "Gualdi, Paolo"]
[Result "1-0"]
[WhiteElo "1536"]
[BlackElo "1413"]
[PlyCount "53"]
[EventDate "2002.10.04"]

1. e4 e6 2. d4 d5 3. exd5 exd5 4. Nc3 Nc6 5. h3 Bb4 6. Nf3 Nge7 7. Bd3 Bf5 8.
O-O O-O 9. a3 Bxc3 10. bxc3 Bxd3 11. Qxd3 Na5 12. Bg5 f6 13. Bf4 Ng6 14. Bh2
Qd7 15. Rab1 c6 16. Nd2 b6 17. c4 Ne7 18. cxd5 Qxd5 19. c4 Qf5 20. Qc3 Rfe8 21.
c5 Nd5 22. Qc1 b5 23. Re1 Qd3 24. Rxe8+ Rxe8 25. Nf3 Nb3 26. Qd1 Qc4 27. Qxb3
1-0

[Event "C.to Provinciale BG"]
[Site "Bergamo ITA"]
[Date "2002.10.18"]
[Round "3"]
[White "Molteni, Costantino"]
[Black "Mazzotti, Federico"]
[Result "1-0"]
[WhiteElo "1603"]
[BlackElo "1752"]
[PlyCount "68"]
[EventDate "2002.10.04"]

1. Nf3 Nf6 2. c4 c5 3. g3 g6 4. b3 Bg7 5. Bb2 O-O 6. Bg2 Nc6 7. Nc3 d6 8. O-O
Rb8 9. d4 Bd7 10. dxc5 dxc5 11. Na4 b6 12. Ne5 Nd4 13. Nxd7 Nxd7 14. e3 b5 15.
cxb5 Nxb5 16. Bxg7 Kxg7 17. Rc1 Qc7 18. Qc2 Rfc8 19. Rfd1 Nd6 20. Nc3 c4 21.
Nd5 Qa5 22. Nxe7 Rc5 23. Rxd6 cxb3 24. Qb2+ Kf8 25. Nc6 Rxc1+ 26. Qxc1 b2 27.
Qb1 Qxa2 28. Qxa2 b1=Q+ 29. Qxb1 Rxb1+ 30. Bf1 Rb6 31. Rxd7 Rxc6 32. Rxa7 Kg7
33. Kg2 Kf6 34. Bb5 Rb6 1-0

[Event "C.to Provinciale BG"]
[Site "Bergamo ITA"]
[Date "2002.10.18"]
[Round "3"]
[White "Mora, Aldo"]
[Black "D'Angheo, Savino"]
[Result "1/2-1/2"]
[WhiteElo "1398"]
[BlackElo "1500"]
[PlyCount "63"]
[EventDate "2002.10.04"]

1. e4 e6 2. d4 d5 3. e5 c5 4. Nf3 Nc6 5. c3 cxd4 6. cxd4 Bb4+ 7. Bd2 Qc7 8.
Bxb4 Nxb4 9. Qa4+ Nc6 10. Nc3 Bd7 11. Qd1 Nge7 12. Bd3 Nb4 13. Be2 O-O 14. O-O
a6 15. a3 Nbc6 16. Rc1 Qb6 17. b4 Nf5 18. Na4 Qd8 19. Nc5 b5 20. Nxd7 Qxd7 21.
g4 Nfe7 22. h3 Rac8 23. Qd3 h6 24. Nh4 f5 25. exf6 Rxf6 26. f3 Rf4 27. Ng6 Rxd4
28. Nxe7+ Qxe7 29. Qe3 Qd6 30. Rxc6 Rxc6 31. Qxd4 Rc2 32. Qd3 1/2-1/2

[Event "C.to Provinciale BG"]
[Site "Bergamo ITA"]
[Date "2002.10.18"]
[Round "3"]
[White "Mora, Lorenzo"]
[Black "Nasoni, Paolo"]
[Result "0-1"]
[WhiteElo "1636"]
[BlackElo "1741"]
[PlyCount "64"]
[EventDate "2002.10.04"]

1. e4 e6 2. d4 d5 3. e5 c5 4. c3 Nc6 5. Nf3 Qb6 6. a3 Bd7 7. Be2 cxd4 8. cxd4
Nh6 9. b4 Nf5 10. Be3 Rc8 11. O-O Be7 12. Qd3 O-O 13. Nc3 f6 14. Na4 Qd8 15.
Qd2 Ncxd4 16. Nxd4 Nxd4 17. Qxd4 Bxa4 18. Qxa7 Qd7 19. Qd4 fxe5 20. Qg4 Bc2 21.
Bd1 Bf5 22. Qg3 Rc3 23. Bf3 d4 24. Bd2 Rd3 25. Qxe5 Rxd2 26. Qf4 Rc2 27. Be4
Bd6 28. Qh4 Be7 29. Qf4 g5 30. Qf3 Rc3 31. Qe2 Bf6 32. Rfc1 d3 0-1

[Event "C.to Provinciale BG"]
[Site "Bergamo ITA"]
[Date "2002.10.18"]
[Round "3"]
[White "Riggio, Mauro"]
[Black "Fiorona, Gianpietro"]
[Result "0-1"]
[WhiteElo "1717"]
[BlackElo "1585"]
[PlyCount "116"]
[EventDate "2002.10.04"]

1. e4 e6 2. d4 d5 3. Nc3 Nf6 4. Bg5 Be7 5. Bxf6 Bxf6 6. Nf3 c5 7. exd5 exd5 8.
Bb5+ Nc6 9. Qe2+ Be6 10. Ne5 Qd6 11. f4 O-O 12. dxc5 Qxc5 13. O-O-O Nxe5 14.
fxe5 Be7 15. Ba4 a6 16. Bb3 Rfd8 17. Qf3 b5 18. Nxd5 Bg5+ 19. Kb1 a5 20. h4 Be7
21. Nxe7+ Qxe7 22. Bxe6 Qxe6 23. Rxd8+ Rxd8 24. Re1 Rc8 25. Qd3 Qc6 26. g4 b4
27. Qe4 Qe6 28. b3 Re8 29. g5 Qd7 30. Qd3 Qc6 31. Kb2 Qc7 32. c4 bxc3+ 33. Qxc3
Qb6 34. Re2 a4 35. Qc4 axb3 36. axb3 Kf8 37. b4 Kg8 38. h5 Rb8 39. Kb3 Qg1 40.
Rc2 Qb1+ 41. Kc3 Qa1+ 42. Rb2 Qe1+ 43. Kb3 Qxe5 44. g6 hxg6 45. hxg6 Qg3+ 46.
Qc3 Qxg6 47. Re2 Qb1+ 48. Rb2 Qd1+ 49. Rc2 Rd8 50. Kb2 Ra8 51. Kb3 Qb1+ 52. Rb2
Qe4 53. Rc2 Rd8 54. Kb2 Qe6 55. Qc5 Ra8 56. Qc4 Qe8 57. b5 Rb8 58. Ka3 Qxb5 0-1

[Event "C.to Provinciale BG"]
[Site "Bergamo ITA"]
[Date "2002.10.18"]
[Round "3"]
[White "Rota, Simone"]
[Black "Cammarota, Vittorio"]
[Result "0-1"]
[WhiteElo "1737"]
[BlackElo "1687"]
[PlyCount "98"]
[EventDate "2002.10.04"]

1. d4 Nf6 2. c4 g6 3. Nf3 Bg7 4. Nc3 O-O 5. e4 d6 6. Be2 e5 7. O-O Nc6 8. d5
Ne7 9. Ne1 Nd7 10. Be3 f5 11. f3 f4 12. Bf2 g5 13. a4 Rf6 14. b4 Qe8 15. Nb5
Rh6 16. g4 fxg3 17. Bxg3 Qd8 18. Nd3 Nf6 19. Qd2 Rg6 20. c5 Bh3 21. Rfc1 Bh6
22. Rc4 g4 23. Qd1 gxf3 24. Bxf3 a6 25. Nc3 Kh8 26. Nf2 Bd7 27. Ne2 Qg8 28. Kh1
Be3 29. Qd3 Bxf2 30. Bxf2 Rf8 31. cxd6 cxd6 32. Rc7 Bg4 33. Bxg4 Nxg4 34. Bg3
Nf2+ 35. Bxf2 Rxf2 36. Ng3 Rh6 37. h4 Rxh4+ 38. Kg1 Rhh2 39. Rxe7 Rhg2+ 40. Kh1
Qf8 41. Nf5 Rh2+ 42. Kg1 Qg8+ 43. Rg7 Rhg2+ 44. Kh1 Rh2+ 45. Kg1 Rfg2+ 46. Kf1
Rxg7 47. Nxg7 Rh1+ 48. Ke2 Rxa1 49. Nf5 Qg2+ 0-1

[Event "C.to Provinciale BG"]
[Site "Bergamo ITA"]
[Date "2002.10.18"]
[Round "3"]
[White "Sala, Giovanni"]
[Black "Stefanelli, Alfredo"]
[Result "1-0"]
[WhiteElo "1600"]
[BlackElo "1756"]
[PlyCount "104"]
[EventDate "2002.10.04"]

1. e4 c5 2. Nf3 e6 3. d4 cxd4 4. Nxd4 a6 5. c4 Bc5 6. Nb3 Be7 7. Nc3 Nc6 8. Be3
Nf6 9. Be2 O-O 10. O-O b6 11. f3 d6 12. Qd2 Qc7 13. Rac1 Nd7 14. Nd5 exd5 15.
cxd5 Nc5 16. dxc6 Qxc6 17. Nd4 Qb7 18. b4 Ne6 19. Nf5 b5 20. Nxd6 Qb8 21. Nxc8
Rxc8 22. Rxc8+ Qxc8 23. f4 Qf8 24. a3 Rd8 25. Qb2 Qe8 26. Rc1 Bf8 27. Qc3 g6
28. Qc6 Qe7 29. Rd1 Bg7 30. e5 Rxd1+ 31. Bxd1 Qd8 32. Qc2 Bh6 33. g3 Qd5 34.
Qd2 Qe4 35. Be2 Bf8 36. Qd3 Qc6 37. Bf1 Qf3 38. Bg2 Qg4 39. Kf2 h5 40. h3 Qf5
41. Qxf5 gxf5 42. Bb6 Be7 43. h4 f6 44. Bb7 fxe5 45. fxe5 f4 46. Bxa6 fxg3+ 47.
Kxg3 Ng7 48. Bxb5 Nf5+ 49. Kf2 Nxh4 50. Be2 Ng6 51. Bc4+ Kf8 52. e6 Kg7 1-0

[Event "C.to Provinciale BG"]
[Site "Bergamo ITA"]
[Date "2002.10.18"]
[Round "3"]
[White "Savoldelli, Dario"]
[Black "Mora, Paolo"]
[Result "0-1"]
[WhiteElo "1800"]
[BlackElo "2056"]
[PlyCount "102"]
[EventDate "2002.10.04"]

1. d4 Nf6 2. c4 c5 3. d5 e5 4. Nc3 d6 5. e4 Be7 6. Nf3 O-O 7. h3 Nbd7 8. Bd3
Ne8 9. g4 g6 10. Bh6 Ng7 11. Qd2 Nf6 12. Rg1 a6 13. Rg2 Bd7 14. Ke2 b5 15. Rag1
bxc4 16. Bxc4 Bb5 17. Qd3 Bxc4 18. Qxc4 Qa5 19. Rb1 Rab8 20. a3 Rfc8 21. Nd2
Kh8 22. Qd3 Ng8 23. Bxg7+ Kxg7 24. Nc4 Qd8 25. Rbg1 Bg5 26. Rh1 h6 27. Kd1 Rb3
28. Kc2 Rcb8 29. Rb1 Nf6 30. Qe2 R8b7 31. Rgg1 Qb8 32. Rh1 Ng8 33. Na4 Qc7 34.
Nc3 Ne7 35. h4 Bf4 36. Rhg1 Nc8 37. h5 g5 38. Rgd1 Na7 39. a4 Rb8 40. Ra1 Qb7
41. Ra2 Qb4 42. Kd3 Nb5 43. axb5 axb5 44. Ne3 c4+ 45. Kc2 Rxc3+ 46. bxc3 Qb3+
47. Kc1 Qxc3+ 48. Rc2 Qa1+ 49. Kd2 Qa5+ 50. Kc1 Qa3+ 51. Rb2 c3 0-1